[Event "World Chess Olympiad 2018"]
[Site "Batumi"]
[Date "2018.09.25"]
[Round "2"]
[Board "3"]
[WhiteFideId "13302507"]
[White "Hovhannisyan Robert"]
[BlackFideId "13700669"]
[Black "Kostenko Petr"]
[Result "1/2-1/2"]
[LiveChessVersion "1.4.8"]
[BlackElo "2459"]
[WhiteElo "2621"]

1. e4 {[%clk 1:30:57]} Nc6 {[%clk 1:30:23]} 2. Nf3 {[%clk 1:29:44]} d6
{[%clk 1:30:33]} 3. d4 {[%clk 1:30:04]} Nf6 {[%clk 1:30:58]} 4. Nc3
{[%clk 1:28:02]} g6 {[%clk 1:31:18]} 5. d5 {[%clk 1:26:00]} Nb8 {[%clk 1:31:41]}
6. Be3 {[%clk 1:25:38]} Bg7 {[%clk 1:28:22]} 7. Be2 {[%clk 1:22:59]} O-O
{[%clk 1:27:44]} 8. Qd2 {[%clk 1:22:17]} c6 {[%clk 1:25:04]} 9. O-O
{[%clk 1:18:50]} b5 {[%clk 1:22:59]} 10. a3 {[%clk 1:07:32]} a6 {[%clk 1:23:18]}
11. Rad1 {[%clk 1:06:43]} Bb7 {[%clk 1:18:11]} 12. Bh6 {[%clk 1:02:39]} Nbd7
{[%clk 1:13:49]} 13. Qg5 {[%clk 1:00:38]} Rc8 {[%clk 0:47:39]} 14. Qh4
{[%clk 0:56:41]} Re8 {[%clk 0:40:16]} 15. Ng5 {[%clk 0:53:10]} Bh8
{[%clk 0:40:09]} 16. Rd3 {[%clk 0:46:17]} cxd5 {[%clk 0:24:22]} 17. exd5
{[%clk 0:46:28]} Rc4 {[%clk 0:23:51]} 18. f4 {[%clk 0:45:58]} Qb6+
{[%clk 0:18:28]} 19. Kh1 {[%clk 0:46:09]} Rd4 {[%clk 0:17:40]} 20. Rxd4
{[%clk 0:38:49]} Qxd4 {[%clk 0:17:58]} 21. Rd1 {[%clk 0:39:12]} Qc5
{[%clk 0:17:29]} 22. f5 {[%clk 0:35:32]} Nb6 {[%clk 0:13:31]} 23. Nxh7
{[%clk 0:15:44]} Nxh7 {[%clk 0:10:07]} 24. fxg6 {[%clk 0:16:09]} fxg6
{[%clk 0:07:58]} 25. Qe4 {[%clk 0:15:03]} Nf8 {[%clk 0:07:54]} 26. Bxf8
{[%clk 0:14:01]} Rxf8 {[%clk 0:05:36]} 27. Qxg6+ {[%clk 0:14:15]} Bg7
{[%clk 0:05:58]} 28. Qe6+ {[%clk 0:14:06]} Rf7 {[%clk 0:05:54]} 29. Bh5
{[%clk 0:06:20]} Qf2 {[%clk 0:06:15]} 30. h3 {[%clk 0:05:12]} Qf5
{[%clk 0:04:19]} 31. Bxf7+ {[%clk 0:05:33]} Qxf7 {[%clk 0:04:46]} 32. Qe2
{[%clk 0:03:08]} Bxc3 {[%clk 0:03:18]} 33. bxc3 {[%clk 0:03:34]} Nxd5
{[%clk 0:03:26]} 34. Qg4+ {[%clk 0:03:02]} Kh8 {[%clk 0:02:37]} 35. Re1
{[%clk 0:01:55]} e5 {[%clk 0:01:52]} 36. Qg5 {[%clk 0:01:52]} Nf4
{[%clk 0:01:07]} 37. Qh6+ {[%clk 0:01:30]} Kg8 {[%clk 0:01:13]} 38. Qxd6
{[%clk 0:01:28]} Nxg2 {[%clk 0:01:28]} 39. Rg1 {[%clk 0:01:33]} Kh7
{[%clk 0:01:21]} 40. Qd3+ {[%clk 0:31:37]} e4 {[%clk 0:31:33]} 41. Qg3
{[%clk 0:25:35]} Nf4 {[%clk 0:23:27]} 42. Qe3 {[%clk 0:11:44]} Ng6
{[%clk 0:15:43]} 43. Rg4 {[%clk 0:08:36]} Qf6 {[%clk 0:08:01]} 44. Kg1
{[%clk 0:07:20]} Ne5 {[%clk 0:07:14]} 45. Rf4 {[%clk 0:07:11]} Qe7
{[%clk 0:06:01]} 46. Rf5 {[%clk 0:06:06]} Kg6 {[%clk 0:03:03]} 47. Rf2
{[%clk 0:05:08]} Qd6 {[%clk 0:02:48]} 48. Rg2+ {[%clk 0:01:51]} Kh7
{[%clk 0:03:04]} 49. Kf1 {[%clk 0:00:50]} Nf3 {[%clk 0:02:42]} 50. Kf2
{[%clk 0:01:00]} Qd1 {[%clk 0:01:07]} 51. Kg3 {[%clk 0:01:16]} Ne5
{[%clk 0:01:07]} 52. Rd2 {[%clk 0:00:49]} Qh5 {[%clk 0:01:02]} 53. Rd6
{[%clk 0:00:42]} Nf7 {[%clk 0:01:00]} 54. Rd7 {[%clk 0:00:44]} Bc6
{[%clk 0:01:16]} 55. Rc7 {[%clk 0:00:44]} Bd5 {[%clk 0:01:32]} 56. Qf4
{[%clk 0:00:50]} e3 {[%clk 0:01:02]} 57. Qxe3 {[%clk 0:00:45]} Qg6+
{[%clk 0:01:08]} 58. Kh4 {[%clk 0:00:32]} Qf6+ {[%clk 0:01:09]} 59. Kg3
{[%clk 0:00:57]} Qg6+ {[%clk 0:00:46]} 60. Kh4 {[%clk 0:01:26]} Qf6+
{[%clk 0:00:48]} 61. Kg3 {[%clk 0:01:51]} Qg6+ {[%clk 0:00:37]} 1/2-1/2

[Event "World Chess Olympiad 2018"]
[Site "Batumi"]
[Date "2018.09.25"]
[Round "2"]
[Board "4"]
[WhiteFideId "13707647"]
[White "Makhnev Denis"]
[BlackFideId "13306553"]
[Black "Martirosyan Haik M."]
[Result "1/2-1/2"]
[LiveChessVersion "1.4.8"]
[BlackElo "2597"]
[WhiteElo "2449"]

1. d4 {[%clk 1:30:56]} Nf6 {[%clk 1:30:52]} 2. c4 {[%clk 1:31:17]} e6
{[%clk 1:31:14]} 3. g3 {[%clk 1:31:32]} c5 {[%clk 1:31:36]} 4. d5
{[%clk 1:31:54]} exd5 {[%clk 1:31:59]} 5. cxd5 {[%clk 1:32:18]} d6
{[%clk 1:32:22]} 6. Nc3 {[%clk 1:32:23]} g6 {[%clk 1:32:39]} 7. Bg2
{[%clk 1:32:45]} Bg7 {[%clk 1:33:02]} 8. Nf3 {[%clk 1:33:09]} O-O
{[%clk 1:33:25]} 9. O-O {[%clk 1:33:32]} Re8 {[%clk 1:33:25]} 10. Bf4
{[%clk 1:33:38]} a6 {[%clk 1:31:55]} 11. a4 {[%clk 1:33:19]} Nh5 {[%clk 1:14:53]}
12. Bg5 {[%clk 1:31:29]} Qc7 {[%clk 1:13:38]} 13. Qd2 {[%clk 1:29:46]} Nd7
{[%clk 1:12:58]} 14. Rfc1 {[%clk 1:28:16]} Nhf6 {[%clk 1:05:40]} 15. Rab1
{[%clk 1:17:55]} Ne4 {[%clk 1:01:26]} 16. Nxe4 {[%clk 1:15:51]} Rxe4
{[%clk 1:01:54]} 17. b4 {[%clk 1:15:28]} a5 {[%clk 1:00:56]} 18. bxc5
{[%clk 1:06:26]} Nxc5 {[%clk 1:01:12]} 19. Be3 {[%clk 1:04:25]} Rxa4
{[%clk 0:45:41]} 20. Bxc5 {[%clk 0:57:49]} dxc5 {[%clk 0:46:00]} 21. d6
{[%clk 0:58:01]} Qd8 {[%clk 0:45:47]} 22. Rxc5 {[%clk 0:56:56]} Be6
{[%clk 0:33:22]} 23. Ng5 {[%clk 0:30:30]} Rd4 {[%clk 0:31:25]} 24. Nxe6
{[%clk 0:30:46]} Rxd2 {[%clk 0:29:45]} 25. Nxd8 {[%clk 0:31:09]} Rxd8
{[%clk 0:30:04]} 26. Rxa5 {[%clk 0:30:59]} Rxe2 {[%clk 0:24:18]} 27. Rd5
{[%clk 0:28:42]} Rd7 {[%clk 0:18:22]} 28. Bh3 {[%clk 0:27:11]} f5
{[%clk 0:18:46]} 29. Bf1 {[%clk 0:24:51]} Re6 {[%clk 0:10:34]} 30. Bc4
{[%clk 0:25:09]} Kh8 {[%clk 0:10:17]} 31. Rxf5 {[%clk 0:23:44]} Rexd6
{[%clk 0:10:16]} 32. Rfb5 {[%clk 0:24:08]} Bd4 {[%clk 0:09:58]} 33. Rxb7
{[%clk 0:24:22]} Rxb7 {[%clk 0:10:24]} 34. Rxb7 {[%clk 0:24:47]} Rf6
{[%clk 0:10:47]} 35. Rf7 {[%clk 0:25:01]} Bxf2+ {[%clk 0:11:12]} 36. Kg2
{[%clk 0:25:28]} Rxf7 {[%clk 0:11:35]} 37. Bxf7 {[%clk 0:25:55]} 1/2-1/2

[Event "World Chess Olympiad 2018"]
[Site "Batumi"]
[Date "2018.09.25"]
[Round "2"]
[Board "1"]
[WhiteFideId "1510045"]
[White "Tari Aryan"]
[BlackFideId "13600966"]
[Black "Mchedlishvili Mikheil"]
[Result "1-0"]
[LiveChessVersion "1.4.8"]
[BlackElo "2607"]
[WhiteElo "2618"]

1. e4 {[%clk 1:30:52]} d6 {[%clk 1:30:37]} 2. d4 {[%clk 1:31:15]} Nf6
{[%clk 1:30:51]} 3. Nc3 {[%clk 1:31:38]} g6 {[%clk 1:30:48]} 4. f4
{[%clk 1:31:37]} Bg7 {[%clk 1:30:58]} 5. a3 {[%clk 1:31:45]} O-O {[%clk 1:26:51]}
6. Nf3 {[%clk 1:31:33]} Na6 {[%clk 1:24:17]} 7. e5 {[%clk 1:25:09]} Nd7
{[%clk 1:08:07]} 8. Be3 {[%clk 1:20:47]} c5 {[%clk 1:04:28]} 9. Qd2
{[%clk 1:16:42]} cxd4 {[%clk 1:01:42]} 10. Bxd4 {[%clk 1:16:12]} dxe5
{[%clk 0:58:22]} 11. fxe5 {[%clk 1:16:12]} Ndc5 {[%clk 0:55:00]} 12. Qe3
{[%clk 0:55:46]} b6 {[%clk 0:34:16]} 13. O-O-O {[%clk 0:53:12]} Qc7
{[%clk 0:34:13]} 14. b4 {[%clk 0:43:48]} Ne6 {[%clk 0:30:25]} 15. Nd5
{[%clk 0:43:43]} Qb7 {[%clk 0:29:46]} 16. Bb2 {[%clk 0:42:04]} b5
{[%clk 0:29:10]} 17. g3 {[%clk 0:31:21]} Nb8 {[%clk 0:26:33]} 18. Bg2
{[%clk 0:29:38]} Nc6 {[%clk 0:25:53]} 19. h4 {[%clk 0:27:03]} a5 {[%clk 0:15:06]}
20. h5 {[%clk 0:22:53]} axb4 {[%clk 0:14:03]} 21. axb4 {[%clk 0:17:18]} Qa7
{[%clk 0:07:12]} 22. Qxa7 {[%clk 0:14:08]} Rxa7 {[%clk 0:07:36]} 23. h6
{[%clk 0:14:11]} Bh8 {[%clk 0:07:54]} 24. Rhe1 {[%clk 0:13:18]} Nc7
{[%clk 0:04:51]} 25. Nd4 {[%clk 0:11:53]} 1-0

[Event "World Chess Olympiad 2018"]
[Site "Batumi"]
[Date "2018.09.25"]
[Round "2"]
[Board "2"]
[WhiteFideId "2905540"]
[White "Cheparinov Ivan"]
[BlackFideId "1506102"]
[Black "Urkedal Frode Olav Olsen"]
[Result "1-0"]
[LiveChessVersion "1.4.8"]
[BlackElo "2535"]
[WhiteElo "2715"]

1. e4 {[%clk 1:30:57]} e5 {[%clk 1:30:53]} 2. Nf3 {[%clk 1:31:23]} Nc6
{[%clk 1:31:17]} 3. Bc4 {[%clk 1:31:44]} Bc5 {[%clk 1:31:31]} 4. O-O
{[%clk 1:31:34]} Nf6 {[%clk 1:31:53]} 5. d3 {[%clk 1:31:59]} d6 {[%clk 1:31:48]}
6. c3 {[%clk 1:32:14]} h6 {[%clk 1:31:28]} 7. Re1 {[%clk 1:32:13]} O-O
{[%clk 1:31:38]} 8. Nbd2 {[%clk 1:32:13]} a6 {[%clk 1:27:21]} 9. a4
{[%clk 1:29:19]} Ba7 {[%clk 1:26:47]} 10. h3 {[%clk 1:28:14]} Be6
{[%clk 1:13:42]} 11. Bxe6 {[%clk 1:27:26]} fxe6 {[%clk 1:14:07]} 12. b4
{[%clk 1:27:43]} Nh5 {[%clk 1:11:20]} 13. Ra2 {[%clk 1:27:49]} Nf4
{[%clk 1:06:07]} 14. Nc4 {[%clk 1:19:56]} b5 {[%clk 0:53:43]} 15. Ne3
{[%clk 1:17:47]} Qd7 {[%clk 0:45:16]} 16. Ng4 {[%clk 1:08:41]} Rae8
{[%clk 0:40:01]} 17. Be3 {[%clk 0:52:56]} Bxe3 {[%clk 0:37:54]} 18. fxe3
{[%clk 0:49:51]} Ng6 {[%clk 0:37:54]} 19. h4 {[%clk 0:46:19]} Qe7
{[%clk 0:34:00]} 20. g3 {[%clk 0:45:42]} Rf7 {[%clk 0:33:03]} 21. Rf1
{[%clk 0:42:15]} Nf8 {[%clk 0:32:30]} 22. axb5 {[%clk 0:41:22]} axb5
{[%clk 0:32:51]} 23. d4 {[%clk 0:39:53]} exd4 {[%clk 0:23:31]} 24. exd4
{[%clk 0:40:15]} Nd8 {[%clk 0:11:28]} 25. Qd3 {[%clk 0:39:07]} Qd7
{[%clk 0:10:06]} 26. e5 {[%clk 0:37:16]} d5 {[%clk 0:06:22]} 27. Ra5
{[%clk 0:29:38]} c6 {[%clk 0:06:23]} 28. Kg2 {[%clk 0:27:37]} Nb7
{[%clk 0:02:56]} 29. Ra6 {[%clk 0:24:34]} Rc8 {[%clk 0:03:20]} 30. Rfa1
{[%clk 0:24:05]} Qe8 {[%clk 0:03:27]} 31. Ra7 {[%clk 0:23:40]} Rfc7
{[%clk 0:03:29]} 32. Ng1 {[%clk 0:21:36]} Nd8 {[%clk 0:02:03]} 33. R7a2
{[%clk 0:21:35]} Qh5 {[%clk 0:01:30]} 34. Qf3 {[%clk 0:20:34]} Qg6
{[%clk 0:01:19]} 35. Ne2 {[%clk 0:19:39]} Rf7 {[%clk 0:00:46]} 36. Nf4
{[%clk 0:20:02]} Qh7 {[%clk 0:00:54]} 37. Qd3 {[%clk 0:15:53]} Rfc7
{[%clk 0:00:41]} 38. Qxh7+ {[%clk 0:13:39]} Kxh7 {[%clk 0:01:07]} 39. Ra8
{[%clk 0:13:08]} Ng6 {[%clk 0:01:05]} 40. Nd3 {[%clk 0:43:09]} Ne7
{[%clk 0:30:48]} 41. Nc5 {[%clk 0:40:22]} Kg6 {[%clk 0:22:50]} 42. Rxc8
{[%clk 0:38:34]} Rxc8 {[%clk 0:23:02]} 43. Ra7 {[%clk 0:38:35]} Nf5
{[%clk 0:18:23]} 44. Nf2 {[%clk 0:38:30]} Ne3+ {[%clk 0:17:10]} 45. Kf3
{[%clk 0:38:46]} Nc4 {[%clk 0:17:34]} 46. Nfd3 {[%clk 0:38:41]} Nd2+
{[%clk 0:17:31]} 47. Ke3 {[%clk 0:38:47]} Nc4+ {[%clk 0:17:18]} 48. Ke2
{[%clk 0:39:10]} 1-0

[Event "World Chess Olympiad 2018"]
[Site "Batumi"]
[Date "2018.09.25"]
[Round "2"]
[Board "3"]
[WhiteFideId "1512668"]
[White "Christiansen Johan-Sebastian"]
[BlackFideId "13602071"]
[Black "Pantsulaia Levan"]
[Result "1/2-1/2"]
[LiveChessVersion "1.4.8"]
[BlackElo "2589"]
[WhiteElo "2525"]

1. e4 {[%clk 1:30:58]} c5 {[%clk 1:30:47]} 2. Nf3 {[%clk 1:31:22]} e6
{[%clk 1:31:07]} 3. d4 {[%clk 1:31:36]} cxd4 {[%clk 1:31:30]} 4. Nxd4
{[%clk 1:32:02]} a6 {[%clk 1:31:53]} 5. Nc3 {[%clk 1:32:06]} b5 {[%clk 1:32:13]}
6. Bd3 {[%clk 1:32:27]} Qb6 {[%clk 1:29:13]} 7. Nf3 {[%clk 1:31:37]} Qc7
{[%clk 1:29:27]} 8. O-O {[%clk 1:31:56]} Bb7 {[%clk 1:29:47]} 9. Re1
{[%clk 1:32:14]} Be7 {[%clk 1:30:08]} 10. e5 {[%clk 1:32:32]} f5 {[%clk 1:30:30]}
11. Nd4 {[%clk 1:32:49]} g6 {[%clk 1:30:34]} 12. Bf4 {[%clk 1:33:12]} h5
{[%clk 1:30:25]} 13. Qd2 {[%clk 1:33:33]} Nc6 {[%clk 1:29:12]} 14. Nxc6
{[%clk 1:33:58]} Bxc6 {[%clk 1:25:03]} 15. a4 {[%clk 1:34:18]} b4
{[%clk 1:23:54]} 16. Na2 {[%clk 1:34:46]} Qb7 {[%clk 1:23:56]} 17. Bf1
{[%clk 1:33:41]} h4 {[%clk 0:56:08]} 18. h3 {[%clk 1:16:22]} Rh5 {[%clk 0:55:38]}
19. Be2 {[%clk 1:05:02]} Rh7 {[%clk 0:35:43]} 20. Bf1 {[%clk 1:00:33]} a5
{[%clk 0:34:58]} 21. Nc1 {[%clk 0:59:22]} g5 {[%clk 0:33:49]} 22. Bxg5
{[%clk 0:49:55]} Rg7 {[%clk 0:34:08]} 23. f4 {[%clk 0:50:21]} Bxg5
{[%clk 0:34:31]} 24. fxg5 {[%clk 0:50:49]} Qb6+ {[%clk 0:34:51]} 25. Kh2
{[%clk 0:47:38]} Qd8 {[%clk 0:35:15]} 26. Bb5 {[%clk 0:40:01]} Be4
{[%clk 0:18:34]} 27. Bd3 {[%clk 0:28:24]} Bb7 {[%clk 0:16:01]} 28. Nb3
{[%clk 0:26:04]} Qxg5 {[%clk 0:15:48]} 29. Qxg5 {[%clk 0:26:28]} Rxg5
{[%clk 0:16:13]} 30. Re2 {[%clk 0:26:55]} Ne7 {[%clk 0:15:53]} 31. Nc5
{[%clk 0:25:19]} Bc6 {[%clk 0:07:42]} 32. Bb5 {[%clk 0:25:30]} Rc8
{[%clk 0:08:08]} 33. Bxc6 {[%clk 0:21:25]} Nxc6 {[%clk 0:08:27]} 34. Rd1
{[%clk 0:21:23]} Rc7 {[%clk 0:08:41]} 35. Na6 {[%clk 0:13:11]} Rc8
{[%clk 0:08:47]} 36. Nc5 {[%clk 0:13:07]} Rc7 {[%clk 0:09:11]} 37. Na6
{[%clk 0:11:37]} Ra7 {[%clk 0:09:36]} 38. Nc5 {[%clk 0:12:03]} Ke7
{[%clk 0:09:54]} 39. Nb3 {[%clk 0:10:33]} f4 {[%clk 0:05:49]} 40. Rde1
{[%clk 0:38:14]} Ra8 {[%clk 0:32:08]} 41. Re4 {[%clk 0:34:12]} f3
{[%clk 0:09:36]} 42. gxf3 {[%clk 0:34:22]} Rf8 {[%clk 0:08:52]} 43. R1e3
{[%clk 0:22:42]} Rgf5 {[%clk 0:09:11]} 44. Kg2 {[%clk 0:18:03]} Rf4
{[%clk 0:09:35]} 45. Kf2 {[%clk 0:13:39]} R8f5 {[%clk 0:09:38]} 46. Rxf4
{[%clk 0:11:27]} Rxf4 {[%clk 0:10:07]} 47. Re4 {[%clk 0:11:44]} Rf5
{[%clk 0:06:36]} 48. f4 {[%clk 0:09:21]} Rf8 {[%clk 0:06:19]} 49. Nc1
{[%clk 0:05:59]} d5 {[%clk 0:05:33]} 50. exd6+ {[%clk 0:06:24]} Kxd6
{[%clk 0:06:00]} 51. Ne2 {[%clk 0:05:00]} Rc8 {[%clk 0:02:10]} 52. Kf3
{[%clk 0:04:14]} Rg8 {[%clk 0:01:59]} 53. Re3 {[%clk 0:03:23]} Rg7
{[%clk 0:01:11]} 54. Rd3+ {[%clk 0:02:59]} Kc5 {[%clk 0:01:40]} 55. Re3
{[%clk 0:03:00]} Kd5 {[%clk 0:01:30]} 56. Re4 {[%clk 0:01:13]} Kd6
{[%clk 0:01:22]} 57. Kf2 {[%clk 0:01:13]} Kd5 {[%clk 0:00:54]} 58. Re3
{[%clk 0:01:41]} Rc7 {[%clk 0:01:05]} 59. Rd3+ {[%clk 0:01:24]} Ke4
{[%clk 0:01:08]} 60. Rd6 {[%clk 0:01:31]} e5 {[%clk 0:01:37]} 61. fxe5
{[%clk 0:00:45]} Kxe5 {[%clk 0:01:07]} 62. Rh6 {[%clk 0:00:42]} Ne7
{[%clk 0:01:25]} 63. Rh7 {[%clk 0:01:01]} Kf6 {[%clk 0:01:17]} 64. c3
{[%clk 0:00:47]} bxc3 {[%clk 0:01:09]} 65. Nxc3 {[%clk 0:01:10]} Rc4
{[%clk 0:00:55]} 66. Rh5 {[%clk 0:01:09]} Nc6 {[%clk 0:00:46]} 67. Rb5
{[%clk 0:00:47]} Ke6 {[%clk 0:01:10]} 68. Ke3 {[%clk 0:00:54]} Kd7
{[%clk 0:01:19]} 69. Rd5+ {[%clk 0:00:49]} Ke6 {[%clk 0:01:48]} 70. Rb5
{[%clk 0:00:47]} Kd7 {[%clk 0:02:16]} 71. Rb7+ {[%clk 0:00:44]} Ke6
{[%clk 0:02:36]} 72. Rc7 {[%clk 0:00:50]} Ne5 {[%clk 0:02:19]} 73. Ra7
{[%clk 0:00:49]} Rb4 {[%clk 0:01:57]} 74. Ra6+ {[%clk 0:00:52]} Kd7
{[%clk 0:01:24]} 75. Ra7+ {[%clk 0:00:34]} Ke6 {[%clk 0:01:48]} 76. Ra6+
{[%clk 0:00:55]} Kd7 {[%clk 0:02:14]} 77. Ra7+ {[%clk 0:01:09]} Ke6
{[%clk 0:02:37]} 78. Ra6+ {[%clk 0:01:03]} 1/2-1/2

[Event "World Chess Olympiad 2018"]
[Site "Batumi"]
[Date "2018.09.25"]
[Round "2"]
[Board "4"]
[WhiteFideId "13602543"]
[White "Jojua Davit"]
[BlackFideId "1509500"]
[Black "Salomon Johan"]
[Result "1/2-1/2"]
[LiveChessVersion "1.4.8"]
[BlackElo "2477"]
[WhiteElo "2590"]

1. d4 {[%clk 1:30:56]} Nf6 {[%clk 1:30:58]} 2. c4 {[%clk 1:31:18]} e6
{[%clk 1:31:25]} 3. Nf3 {[%clk 1:31:40]} d5 {[%clk 1:31:52]} 4. g3
{[%clk 1:32:02]} Bb4+ {[%clk 1:32:15]} 5. Bd2 {[%clk 1:32:27]} Be7
{[%clk 1:32:39]} 6. Bg2 {[%clk 1:32:49]} O-O {[%clk 1:33:03]} 7. O-O
{[%clk 1:33:12]} Nbd7 {[%clk 1:33:28]} 8. Qc2 {[%clk 1:33:19]} c6
{[%clk 1:33:44]} 9. Rd1 {[%clk 1:33:34]} b6 {[%clk 1:33:26]} 10. b3
{[%clk 1:33:40]} Ba6 {[%clk 1:33:03]} 11. Bc1 {[%clk 1:33:40]} Rc8
{[%clk 1:32:35]} 12. Bb2 {[%clk 1:33:47]} Re8 {[%clk 1:30:42]} 13. Nc3
{[%clk 1:04:26]} dxc4 {[%clk 1:28:30]} 14. e4 {[%clk 1:01:51]} b5
{[%clk 1:25:31]} 15. bxc4 {[%clk 1:00:58]} bxc4 {[%clk 1:25:49]} 16. Nd2
{[%clk 0:52:19]} Qa5 {[%clk 1:18:21]} 17. Ne2 {[%clk 0:39:03]} Rb8
{[%clk 1:04:09]} 18. a4 {[%clk 0:35:58]} Bf8 {[%clk 0:47:43]} 19. Ra2
{[%clk 0:31:44]} c5 {[%clk 0:42:26]} 20. Nxc4 {[%clk 0:28:00]} Qb4
{[%clk 0:36:29]} 21. Ne3 {[%clk 0:26:00]} cxd4 {[%clk 0:31:49]} 22. Nxd4
{[%clk 0:23:10]} Ne5 {[%clk 0:17:32]} 23. Nb5 {[%clk 0:10:24]} Bxb5
{[%clk 0:12:01]} 24. Bxe5 {[%clk 0:08:25]} Rbc8 {[%clk 0:11:46]} 25. Qb2
{[%clk 0:08:22]} Qxb2 {[%clk 0:11:07]} 26. Bxb2 {[%clk 0:08:42]} Bc6
{[%clk 0:10:11]} 27. e5 {[%clk 0:08:09]} Bxg2 {[%clk 0:08:34]} 28. Kxg2
{[%clk 0:08:29]} Ne4 {[%clk 0:08:54]} 29. Rd4 {[%clk 0:06:48]} Nc5
{[%clk 0:07:04]} 30. Ba3 {[%clk 0:04:29]} Red8 {[%clk 0:05:46]} 31. Rad2
{[%clk 0:03:12]} Rxd4 {[%clk 0:05:07]} 32. Rxd4 {[%clk 0:03:41]} Nb3
{[%clk 0:04:38]} 33. Rd3 {[%clk 0:04:10]} Bxa3 {[%clk 0:04:07]} 34. Rxb3
{[%clk 0:04:37]} Bf8 {[%clk 0:03:36]} 35. Rb7 {[%clk 0:01:39]} a5
{[%clk 0:03:22]} 36. Kf3 {[%clk 0:01:03]} Bb4 {[%clk 0:02:09]} 37. Ke4
{[%clk 0:00:50]} 1/2-1/2

[Event "World Chess Olympiad 2018"]
[Site "Batumi"]
[Date "2018.09.25"]
[Round "2"]
[Board "1"]
[WhiteFideId "13504398"]
[White "Kovalev Vladislav"]
[BlackFideId "3208923"]
[Black "Smirnov Anton"]
[Result "1-0"]
[LiveChessVersion "1.4.8"]
[BlackElo "2549"]
[WhiteElo "2664"]

1. e4 {[%clk 1:30:53]} e5 {[%clk 1:30:25]} 2. Nf3 {[%clk 1:31:18]} Nf6
{[%clk 1:30:51]} 3. Nxe5 {[%clk 1:30:25]} d6 {[%clk 1:29:52]} 4. Nc4
{[%clk 1:30:50]} Nxe4 {[%clk 1:30:07]} 5. Qe2 {[%clk 1:31:15]} Qe7
{[%clk 1:30:27]} 6. Ne3 {[%clk 1:31:41]} Be6 {[%clk 1:25:04]} 7. Nc3
{[%clk 1:32:00]} Nf6 {[%clk 1:21:06]} 8. g3 {[%clk 1:31:43]} d5 {[%clk 1:12:12]}
9. Bg2 {[%clk 1:27:42]} c6 {[%clk 1:11:50]} 10. d4 {[%clk 1:27:07]} g6
{[%clk 0:57:04]} 11. O-O {[%clk 1:18:44]} Bg7 {[%clk 0:52:19]} 12. f4
{[%clk 1:15:51]} Na6 {[%clk 0:43:02]} 13. a3 {[%clk 1:12:08]} Nc7
{[%clk 0:39:52]} 14. Bd2 {[%clk 1:09:36]} O-O-O {[%clk 0:36:22]} 15. Rae1
{[%clk 0:53:13]} Rde8 {[%clk 0:33:01]} 16. Qd3 {[%clk 0:46:03]} Qd8
{[%clk 0:32:43]} 17. f5 {[%clk 0:41:29]} Bd7 {[%clk 0:32:58]} 18. Na4
{[%clk 0:41:43]} Ne4 {[%clk 0:27:07]} 19. Bb4 {[%clk 0:25:35]} Nb5
{[%clk 0:19:42]} 20. c3 {[%clk 0:20:09]} Bh6 {[%clk 0:17:08]} 21. fxg6
{[%clk 0:17:57]} fxg6 {[%clk 0:16:38]} 22. c4 {[%clk 0:18:08]} Bxe3+
{[%clk 0:15:33]} 23. Rxe3 {[%clk 0:17:05]} dxc4 {[%clk 0:15:23]} 24. Qxc4
{[%clk 0:17:19]} Ned6 {[%clk 0:15:23]} 25. Rxe8 {[%clk 0:15:41]} Nxc4
{[%clk 0:13:30]} 26. Rxd8+ {[%clk 0:16:08]} Rxd8 {[%clk 0:13:54]} 27. d5
{[%clk 0:13:34]} Ne3 {[%clk 0:11:39]} 28. dxc6 {[%clk 0:12:09]} Bxc6
{[%clk 0:11:58]} 29. Bxc6 {[%clk 0:10:03]} bxc6 {[%clk 0:12:24]} 30. Rf8
{[%clk 0:04:33]} Rxf8 {[%clk 0:11:27]} 31. Bxf8 {[%clk 0:05:00]} Kd7
{[%clk 0:07:47]} 32. Nc5+ {[%clk 0:05:07]} Ke8 {[%clk 0:07:58]} 33. Bh6
{[%clk 0:04:31]} Nc4 {[%clk 0:07:37]} 34. a4 {[%clk 0:01:05]} Nd4
{[%clk 0:06:34]} 35. Bg7 {[%clk 0:00:49]} Nf5 {[%clk 0:05:00]} 36. Bc3
{[%clk 0:01:06]} Nce3 {[%clk 0:04:16]} 37. b3 {[%clk 0:01:03]} Ke7
{[%clk 0:02:43]} 38. Be5 {[%clk 0:01:27]} Nd6 {[%clk 0:01:28]} 39. h3
{[%clk 0:01:45]} Nd5 {[%clk 0:00:49]} 40. Kf2 {[%clk 0:31:25]} h5
{[%clk 0:31:08]} 41. Kf3 {[%clk 0:27:25]} Nc7 {[%clk 0:21:24]} 42. Bd4
{[%clk 0:23:29]} Nf7 {[%clk 0:19:49]} 43. Nd3 {[%clk 0:19:31]} a6
{[%clk 0:19:43]} 44. h4 {[%clk 0:12:16]} Ke6 {[%clk 0:14:21]} 45. Nb4
{[%clk 0:09:51]} Kd6 {[%clk 0:12:34]} 46. Be3 {[%clk 0:07:53]} Ne5+
{[%clk 0:09:53]} 47. Ke4 {[%clk 0:05:53]} Nd5 {[%clk 0:10:18]} 48. Nxd5
{[%clk 0:04:24]} cxd5+ {[%clk 0:10:42]} 49. Kf4 {[%clk 0:02:20]} Ke6
{[%clk 0:05:40]} 50. Bd4 {[%clk 0:02:40]} Nc6 {[%clk 0:06:01]} 51. Bc5
{[%clk 0:01:59]} a5 {[%clk 0:04:18]} 52. Bb6 {[%clk 0:02:15]} Kf6
{[%clk 0:04:27]} 53. Bf2 {[%clk 0:01:07]} Ke6 {[%clk 0:04:09]} 54. Be1
{[%clk 0:01:13]} Kf6 {[%clk 0:04:31]} 55. Bc3+ {[%clk 0:01:24]} Ke6
{[%clk 0:04:53]} 56. Kg5 {[%clk 0:01:00]} d4 {[%clk 0:01:55]} 57. Bd2
{[%clk 0:01:29]} Kf7 {[%clk 0:01:43]} 58. Kf4 {[%clk 0:00:38]} Ke6
{[%clk 0:02:13]} 59. Kg5 {[%clk 0:01:06]} Kf7 {[%clk 0:02:40]} 60. Kf4
{[%clk 0:01:05]} Ke6 {[%clk 0:03:09]} 61. Ke4 {[%clk 0:01:27]} Kd6
{[%clk 0:02:35]} 62. Bh6 {[%clk 0:01:51]} Ke6 {[%clk 0:01:28]} 63. Bg7
{[%clk 0:01:44]} d3 {[%clk 0:00:59]} 64. Bc3 {[%clk 0:01:24]} Kd6
{[%clk 0:00:53]} 65. Kxd3 {[%clk 0:01:48]} Kd5 {[%clk 0:01:20]} 66. Ke3
{[%clk 0:02:07]} Kd6 {[%clk 0:01:14]} 67. Ke4 {[%clk 0:01:39]} Ke6
{[%clk 0:01:40]} 68. Kf4 {[%clk 0:01:08]} Ke7 {[%clk 0:02:05]} 69. Kg5
{[%clk 0:01:23]} Kf7 {[%clk 0:02:20]} 70. Be1 {[%clk 0:00:43]} Nd4
{[%clk 0:01:04]} 71. Bxa5 {[%clk 0:01:03]} Nxb3 {[%clk 0:01:27]} 72. Bb6
{[%clk 0:01:12]} Nd2 {[%clk 0:01:41]} 73. a5 {[%clk 0:01:33]} 1-0